000 01420nam a2200313 a 4500
001 BRCA_3384
005 20190320204244.0
041 _aeng
044 _aenk
084 _a673
_b.G74
_c1902
100 1 _aCervantes Saavedra, Miguel de
_d1547-1616
_9213
245 1 0 _aThe History the Ingenious Gentleman Don Quixote of la Mancha
_cTranslated from the Spanish by P. A. Motteux.
260 _aEdinburgo
_bJohn Grant
_c1902
300 _a4 v.
_bil.
_c27 cm.
500 _aContenido : v.1. Primera parte. Retrato de Cervantes. Advertencia del editor. Vida de Cervantes por Motteux. Prólogo del autor. -- v.2. Primera parte. Texto. Notas a la primera parte. -- v.3. Segunda parte. Prólogo del autor. -- v.4. Segunda parte. Texto. Notas
500 _aEdición : Illustrated by Lalauze
500 _aCopia de la traducción de Motteux, editada en Edinburgo, por William Paterson (1879-84). Tela Lúdovik Osterc
500 _aQM490
546 _aTexto en : inglés
650 1 4 _aNovela española
_yÉpoca clásica, 1500-1700
_9215
650 1 4 _aLiteratura española
_yÉpoca clásica, 1500-1700
_9216
650 1 4 _aNovela española
_ySiglo XVII
_9217
650 1 4 _aDon Quijote (Personaje ficticio)
_eNovela
_9218
700 1 _aMotteux, Peter Anthony
_d1663-1718
_eTraductor
_98901
700 1 _aLalauze, A.
_eIlustrador
_98902
740 0 _aEl Ingenioso Hidalgo Don Quijote de la Mancha
902 _aQFM
942 _2lcc
_cB
999 _c3120
_d3120